00473nam a22001697a 4500003000400000005001700004008004100021020001800062040002900080050002200109100003600131245005900167250001100226260004800237300001000285650000800295OSt20240229094813.0230228b |||||||| |||| 00| 0 eng d a9780521144308 cChuka University Library aKD 691b.T85 2010 aTWINING,WILLIAM AND DAVID MIERS aHow to Do Things with Rules Premier of Interpretation/ a5th ed aCambridgebCambridge University Pressc2010 a402p. aLaw